000 01214cad a22002535a 4500
001 E146927
008 090316s2009 xxko f 000 0 eng d
035 _a(Sirsi) u146927
041 0 _aeng
050 0 4 _a333.72 $2 18
110 2 _aCommission for Architecture and the Built Environment
_94058
245 0 0 _aHallmarks of a sustainable city
_h[electronic resource]
260 _aLondon
_bCABE
_c2009
505 2 _aThe opportunity of climate change -- Where do you start? -- How to recognise a sustainable city -- What needs to be done? -- Policy recommendations
520 _aSets out ways in which cities can respond to climate change by becoming more sustainable and less wasteful of finite resources. Covers energy, building design, transport, waste, water and green spaces. Includes case studies.
521 _aAdvanced
590 _aKA
651 4 _aUnited Kingdom
_y
690 _aENVIRONMENTAL AND LAND CONSULTANCY-ENERGY-ENERGY USE-ENERGY EFFICIENCY
690 _aBUILT ENVIRONMENT-SUSTAINABLE CONSTRUCTION
700 1 _aBrown, Paul
_eEditor
856 4 0 _uhttps://www.cabe.org.uk/publications/hallmarks-of-a-sustainable-city
_zView the report free of charge at www.cabe.org.uk...
942 _n0
999 _c109355
_d109355